Principles and Precedents of Estate Duty Foreword by T.L. Venkatarama Aiyar (Record no. 1191660)
[ view plain ]
| 000 -LEADER | |
|---|---|
| fixed length control field | 00719nam a2200253Ia 4500 |
| 003 - CONTROL NUMBER IDENTIFIER | |
| control field | OSt |
| 005 - DATE AND TIME OF LATEST TRANSACTION | |
| control field | 20221007110908.0 |
| 008 - FIXED-LENGTH DATA ELEMENTS--GENERAL INFORMATION | |
| fixed length control field | 221006b |||||||| |||| 00| 0 eng d |
| 020 ## - INTERNATIONAL STANDARD BOOK NUMBER | |
| International Standard Book Number | 0210311606 |
| 037 ## - SOURCE OF ACQUISITION | |
| Terms of availability | Textual |
| 040 ## - CATALOGING SOURCE | |
| Original cataloging agency | LCO |
| Transcribing agency | LCO |
| Language of cataloging | eng |
| 041 ## - LANGUAGE CODE | |
| Source of code | eng |
| Language code of text/sound track or separate title | eng |
| 100 ## - MAIN ENTRY--PERSONAL NAME | |
| Personal name | Char K.T. Narasimha |
| 245 #0 - TITLE STATEMENT | |
| Title | Principles and Precedents of Estate Duty Foreword by T.L. Venkatarama Aiyar |
| 260 ## - PUBLICATION, DISTRIBUTION, ETC. | |
| Place of publication, distribution, etc. | New |
| Name of publisher, distributor, etc. | York Asia Publishing House U.S.A. |
| Date of publication, distribution, etc. | 1970 |
| 300 ## - PHYSICAL DESCRIPTION | |
| Extent | 799 |
| 650 ## - SUBJECT ADDED ENTRY--TOPICAL TERM | |
| Topical term or geographic name entry element | ESTATE DUTY |
| 9 (RLIN) | 243145 |
| 942 ## - ADDED ENTRY ELEMENTS (KOHA) | |
| Classification part | X72991:(Z), L0 |
| Koha item type | Textual |
| Withdrawn status | Lost status | Damaged status | Not for loan | Home library | Current library | Date acquired | Total Checkouts | Full call number | Barcode | Date last seen | Price effective from | Koha item type |
|---|---|---|---|---|---|---|---|---|---|---|---|---|
| Law Centre-I Library | Law Centre-I Library | 2022-10-07 | X72991:(Z) L0 | LO0004422 | 2022-10-07 | 2022-10-07 | Textual |
